Responses for Show #6150 - Friday, May 13, 2011

2011 Teachers Tournament final game 2.

Contestants

[<< previous game]

Charles Temple, a high school English teacher from Ocracoke, North Carolina (subtotal of $18,800)

Larry DeMoss, a high school English teacher from Ellettsville, Indiana (subtotal of $7,000)

Lori Kissell, a high school Latin teacher from Fredericksburg, Virginia (subtotal of $26,300)

[next game >>]

Jeopardy! Round responses

NOTABLE EDUCATORS
CURRENT MUSIC
COMMON BONDS
30 SOMETHING
A LITTLE OF THE BUBBLY
10-LETTER WORDS
    $200 10
Buddha

Charles
    $200 18
(Larry: Who is Madonna?)
...
(Alex: How did you know that?)
(Charles: My students would be stunned.)

Lady Gaga

LarryCharles
    $200 8
gloves

Lori
    $200 3
39

Larry
    $200 22
7 Up

Lori
    $200 1
a trampoline

Lori
    $400 12
Plato

Charles
    $400 27
(Charles: Who is Radiohead?)

Muse

Charles
Triple Stumper
    $400 11
things that are stolen

Larry
    $400 4
33 1/3

Charles
    $400 23
(Larry: What is Coca-Cola?)

Pepsi

Larry
Triple Stumper
    $400 2
suggestion

Charles
    $2,000 13
(John T.) Scopes

Charles
    $600 28
(Alex: Shouldn't bring [*] to school. But I bet you tell your kids that all the time.)
(Charles: Daily. Every day.)

"Dynamite"

Triple Stumper
    $600 19
(Lori: Immobile things.)

frozen things

LoriLarry
    $600 5
34th Street

Charles
    $600 24
A&W

Lori
    $600 9
a clementine

Triple Stumper
    $800 14
(Isaac) Asimov

Larry
    $800 20
things that sharpen

Lori
    $800 6
30

Charles
    $800 25
Perrier

Charles
    $800 16
a revolution

Charles
    $1000 15
Anita Hill

Lori
    $1000 21
things that are served

Charles
    $1000 7
32

Charles
    $1000 26
(Lori: What is Sierra Mist?)

Shasta

LoriLarry
    $1000 17
(Charles: What's gerontology?)

geriatrics

LarryCharles

Scores at the first commercial break (after clue 15):

Lori Larry Charles
$1,400 $1,400 $5,800

Scores at the end of the Jeopardy! Round:

Lori Larry Charles
$1,400 $3,400 $7,200

Double Jeopardy! Round responses

FRIDAY THE 13th
FOREIGN FILM TITLES
(Alex: Give us the American title, if you please.)
DETENTE-TION
(Alex: Not DETENTION.)
HOT ENOUGH FOR YOU?
WELL, IT'S NOT SHAKESPEARE
PREPARING FOR THE "SAT"s
(Alex: Each response will begin with "S-A-T".)
    $400 1
death & taxes

Lori
    $400 11
(Larry: What is Bicycle?)

The Bicycle Thief

LarryCharles
    $400 22
the USSR (Soviet Union)

Larry
    $400 17
Death Valley

Charles
    $400 6
Mamet

Larry
    $400 13
a satellite

Charles
    $800 2
the Dow Jones

Larry
    $800 12
The Seven Samurai

Lori
    $800 23
the SALT Treaty

Charles
    $800 18
Venus

Lori
    $800 7
(Lori: Who is Sean Casey?)
(Alex: [*]--yes--no. Larry?)
[Larry buzzed in and gave the correct response, but Alex had already given the correct response after thinking Lori had said "O'Casey" so Larry's buzz-in was not accepted.]

Sean O'Casey

Lori
Triple Stumper
    $800 27
satisfactory

Lori
    $1200 3
Buckingham Palace

Lori
    $2,500 14
War and Peace

Charles
    $2,000 24
Afghanistan

Charles
    $1200 19
infrared

Larry
    $1200 8
(Alex: Depending on which one you're referring to, it's either "SHAY-fer" or "SHAFF-er".)

Shaffer

Triple Stumper
    $1200 28
saturated

Charles
    $1600 4
the American Basketball Association

Charles
    $1600 15
The Seventh Seal

Charles
    $1600 25
(Alex: With less than a minute to go.)

the Warsaw Pact

Larry
    $1600 20
(Charles: What is Barcelona?)
(Lori: What is Madrid?)
...
(Alex: It kind of narrowed it for you, Larry. Correct response--what is [*]?)

Seville

LoriCharles
Triple Stumper
    $1600 9
Brecht

Lori
    $1600 29
a satchel

Larry
    $2000 5
Dreyfus

Charles
    $2000 16
Women on the Verge of a Nervous Breakdown

Charles
    $2000 26
Helsinki

Triple Stumper
    $2000 21
(Larry: [No response])

122

LarryCharles
    $2000 10
du Maurier

Charles
    $2000 30
(Alex: And that is [*].)

satori

Triple Stumper

Scores at the end of the Double Jeopardy! Round:

Lori Larry Charles
$4,600 $7,000 $24,500
(lock tournament)

[wagering suggestions for these scores]

Final Jeopardy! Round responses

MONARCHS
(Alex: [To Larry] We needed the name, following the tragedy in Japan.)
(Larry: Don't know it.)
LoriWho is King Constantine of Greece?
$4,600
LarryWho is the Fai emperor of Japan?
$7,000
CharlesWho is Abdullah?
$125
Emperor Akihito of Japan

Final scores:

Lori Larry Charles
$0 $0 $24,375

Cumulative scores:

Lori Larry Charles
$26,300 $7,000 $43,175
1st runner-up: $50,000 2nd runner-up: $25,000 Tournament champion: $100,000

Game dynamics:

Coryat scores:

Lori Larry Charles
$4,600 $7,000 $21,000
12 R,
4 W
12 R,
4 W
25 R
(including 3 DDs),
3 W

Combined Coryat: $32,600

[game clues] [game scores] [suggest correction]

Game tape date: 2011-03-29
The J! Archive is created by fans, for fans. Scraping, republication, monetization, and malicious use prohibited; this site may use cookies and collect identifying information. See terms. The Jeopardy! game show and all elements thereof, including but not limited to copyright and trademark thereto, are the property of Jeopardy Productions, Inc. and are protected under law. This website is not affiliated with, sponsored by, or operated by Jeopardy Productions, Inc. Join the discussion at JBoard.tv.